<?xml version="1.0" encoding="UTF-8"?>
<record
    xmlns:xsi="http://www.w3.org/2001/XMLSchema-instance"
    xsi:schemaLocation="http://www.loc.gov/MARC21/slim http://www.loc.gov/standards/marcxml/schema/MARC21slim.xsd"
    xmlns="http://www.loc.gov/MARC21/slim">

  <leader>01037nam a22002057a 4500</leader>
  <datafield tag="999" ind1=" " ind2=" ">
    <subfield code="c">145496</subfield>
    <subfield code="d">145496</subfield>
  </datafield>
  <controlfield tag="005">20190320151446.0</controlfield>
  <datafield tag="010" ind1=" " ind2=" ">
    <subfield code="a">1819HN15     17-18HN-4.8.17          B-703923-929</subfield>
  </datafield>
  <datafield tag="020" ind1=" " ind2=" ">
    <subfield code="c">995.00</subfield>
    <subfield code="a">8179010333</subfield>
  </datafield>
  <datafield tag="035" ind1=" " ind2=" ">
    <subfield code="a">B-703923-929</subfield>
  </datafield>
  <datafield tag="037" ind1=" " ind2=" ">
    <subfield code="b">&#x938;&#x941;&#x92F;&#x94B;&#x917;&#x94D;&#x92F;  &#x92A;&#x94D;&#x930;&#x915;&#x93E;&#x936;&#x928; </subfield>
  </datafield>
  <datafield tag="082" ind1=" " ind2=" ">
    <subfield code="a">954.084</subfield>
  </datafield>
  <datafield tag="100" ind1=" " ind2=" ">
    <subfield code="a">&#x915;&#x93F;&#x930;&#x923; &#x938;&#x93F;&#x902;&#x939;</subfield>
    <subfield code="d">      </subfield>
  </datafield>
  <datafield tag="245" ind1=" " ind2=" ">
    <subfield code="a">&#x92D;&#x93E;&#x930;&#x924;&#x940;&#x92F; &#x938;&#x94D;&#x935;&#x924;&#x902;&#x924;&#x94D;&#x930;&#x924;&#x93E; &#x938;&#x902;&#x917;&#x94D;&#x930;&#x93E;&#x92E; &#x92E;&#x947;&#x902; &#x917;&#x926;&#x930; &#x92A;&#x93E;&#x930;&#x94D;&#x91F;&#x940; /</subfield>
    <subfield code="c">&#x915;&#x93F;&#x930;&#x923; &#x938;&#x93F;&#x902;&#x939;</subfield>
  </datafield>
  <datafield tag="260" ind1=" " ind2=" ">
    <subfield code="a">&#x928;&#x908; &#x926;&#x93F;&#x932;&#x94D;&#x932;&#x940; </subfield>
    <subfield code="b">&#x938;&#x941;&#x92F;&#x94B;&#x917;&#x94D;&#x92F; &#x92A;&#x94D;&#x930;&#x915;&#x93E;&#x936;&#x928; </subfield>
    <subfield code="c">2018</subfield>
  </datafield>
  <datafield tag="270" ind1=" " ind2=" ">
    <subfield code="a">W-116, &#x917;&#x94D;&#x930;&#x947;&#x91F;&#x930; &#x915;&#x948;&#x932;&#x93E;&#x936;-1,</subfield>
    <subfield code="b">&#x928;&#x908; &#x926;&#x93F;&#x932;&#x94D;&#x932;&#x940;</subfield>
    <subfield code="e">110048</subfield>
  </datafield>
  <datafield tag="300" ind1=" " ind2=" ">
    <subfield code="a">488.&#x92A;&#x943;.</subfield>
    <subfield code="c">22 &#x938;&#x947;&#x92E;&#x940;. (&#x938;&#x91C;&#x93F;&#x932;&#x94D;&#x926;)</subfield>
  </datafield>
  <datafield tag="500" ind1=" " ind2=" ">
    <subfield code="a">AIRPORT</subfield>
  </datafield>
  <datafield tag="942" ind1=" " ind2=" ">
    <subfield code="2">ddc</subfield>
    <subfield code="c">HN</subfield>
    <subfield code="m">&#x915;&#x93F;&#x930;&#x923;</subfield>
    <subfield code="h">954.084</subfield>
  </datafield>
  <datafield tag="952" ind1=" " ind2=" ">
    <subfield code="0">0</subfield>
    <subfield code="1">0</subfield>
    <subfield code="4">0</subfield>
    <subfield code="7">0</subfield>
    <subfield code="8">NFIC</subfield>
    <subfield code="a">L</subfield>
    <subfield code="b">L</subfield>
    <subfield code="d">2018-10-11</subfield>
    <subfield code="e">Suyogaya Prakashan/SUY/03/18/15-05-18/401/04-05-18/23-08-18</subfield>
    <subfield code="g">995.00</subfield>
    <subfield code="l">1</subfield>
    <subfield code="m">1</subfield>
    <subfield code="o">954.084 &#x938;&#x93F;&#x902;&#x939;&#x915;&#x93F;</subfield>
    <subfield code="p">B-703923</subfield>
    <subfield code="r">2019-12-02 00:00:00</subfield>
    <subfield code="s">2019-10-31</subfield>
    <subfield code="t">1</subfield>
    <subfield code="v">995.00</subfield>
    <subfield code="w">2018-10-11</subfield>
    <subfield code="y">HN</subfield>
  </datafield>
  <datafield tag="952" ind1=" " ind2=" ">
    <subfield code="0">0</subfield>
    <subfield code="1">0</subfield>
    <subfield code="4">0</subfield>
    <subfield code="7">0</subfield>
    <subfield code="8">NFIC</subfield>
    <subfield code="a">M</subfield>
    <subfield code="b">M</subfield>
    <subfield code="d">2018-10-11</subfield>
    <subfield code="e">Suyogaya Prakashan/SUY/03/18/15-05-18/401/04-05-18/23-08-18</subfield>
    <subfield code="g">995.00</subfield>
    <subfield code="l">0</subfield>
    <subfield code="o">954.084 &#x938;&#x93F;&#x902;&#x939;&#x915;&#x93F;</subfield>
    <subfield code="p">B-703924</subfield>
    <subfield code="r">2018-10-11 00:00:00</subfield>
    <subfield code="t">4</subfield>
    <subfield code="v">995.00</subfield>
    <subfield code="y">HN</subfield>
  </datafield>
  <datafield tag="952" ind1=" " ind2=" ">
    <subfield code="0">0</subfield>
    <subfield code="1">0</subfield>
    <subfield code="4">0</subfield>
    <subfield code="7">0</subfield>
    <subfield code="8">NFIC</subfield>
    <subfield code="a">M</subfield>
    <subfield code="b">M</subfield>
    <subfield code="d">2018-10-11</subfield>
    <subfield code="e">Suyogaya Prakashan/SUY/03/18/15-05-18/401/04-05-18/23-08-18</subfield>
    <subfield code="g">995.00</subfield>
    <subfield code="l">0</subfield>
    <subfield code="o">954.084 &#x938;&#x93F;&#x902;&#x939;&#x915;&#x93F;</subfield>
    <subfield code="p">B-703925</subfield>
    <subfield code="r">2018-10-11 00:00:00</subfield>
    <subfield code="t">4</subfield>
    <subfield code="v">995.00</subfield>
    <subfield code="y">HN</subfield>
  </datafield>
  <datafield tag="952" ind1=" " ind2=" ">
    <subfield code="0">0</subfield>
    <subfield code="1">0</subfield>
    <subfield code="4">0</subfield>
    <subfield code="7">0</subfield>
    <subfield code="8">NFIC</subfield>
    <subfield code="a">M</subfield>
    <subfield code="b">M</subfield>
    <subfield code="d">2018-10-11</subfield>
    <subfield code="e">Suyogaya Prakashan/SUY/03/18/15-05-18/401/04-05-18/23-08-18</subfield>
    <subfield code="g">995.00</subfield>
    <subfield code="l">0</subfield>
    <subfield code="o">954.084 &#x938;&#x93F;&#x902;&#x939;&#x915;&#x93F;</subfield>
    <subfield code="p">B-703926</subfield>
    <subfield code="r">2018-10-11 00:00:00</subfield>
    <subfield code="t">4</subfield>
    <subfield code="v">995.00</subfield>
    <subfield code="y">HN</subfield>
  </datafield>
  <datafield tag="952" ind1=" " ind2=" ">
    <subfield code="0">0</subfield>
    <subfield code="1">0</subfield>
    <subfield code="4">0</subfield>
    <subfield code="7">0</subfield>
    <subfield code="8">NFIC</subfield>
    <subfield code="a">M</subfield>
    <subfield code="b">M</subfield>
    <subfield code="d">2018-10-11</subfield>
    <subfield code="e">Suyogaya Prakashan/SUY/03/18/15-05-18/401/04-05-18/23-08-18</subfield>
    <subfield code="g">995.00</subfield>
    <subfield code="l">0</subfield>
    <subfield code="o">954.084 &#x938;&#x93F;&#x902;&#x939;&#x915;&#x93F;</subfield>
    <subfield code="p">B-703927</subfield>
    <subfield code="r">2018-10-11 00:00:00</subfield>
    <subfield code="t">4</subfield>
    <subfield code="v">995.00</subfield>
    <subfield code="y">HN</subfield>
  </datafield>
  <datafield tag="952" ind1=" " ind2=" ">
    <subfield code="0">0</subfield>
    <subfield code="1">0</subfield>
    <subfield code="4">0</subfield>
    <subfield code="7">0</subfield>
    <subfield code="8">NFIC</subfield>
    <subfield code="a">NPL</subfield>
    <subfield code="b">NPL</subfield>
    <subfield code="d">2018-10-11</subfield>
    <subfield code="e">Suyogaya Prakashan/SUY/03/18/15-05-18/401/04-05-18/23-08-18</subfield>
    <subfield code="g">995.00</subfield>
    <subfield code="l">0</subfield>
    <subfield code="o">954.084 &#x938;&#x93F;&#x902;&#x939;&#x915;&#x93F;</subfield>
    <subfield code="p">B-703928</subfield>
    <subfield code="r">2018-10-11 00:00:00</subfield>
    <subfield code="t">1</subfield>
    <subfield code="v">995.00</subfield>
    <subfield code="y">HN</subfield>
  </datafield>
  <datafield tag="952" ind1=" " ind2=" ">
    <subfield code="0">0</subfield>
    <subfield code="1">0</subfield>
    <subfield code="4">0</subfield>
    <subfield code="7">0</subfield>
    <subfield code="8">NFIC</subfield>
    <subfield code="a">AV</subfield>
    <subfield code="b">AV</subfield>
    <subfield code="d">2018-10-11</subfield>
    <subfield code="e">Suyogaya Prakashan/SUY/03/18/15-05-18/401/04-05-18/23-08-18</subfield>
    <subfield code="g">995.00</subfield>
    <subfield code="l">2</subfield>
    <subfield code="m">2</subfield>
    <subfield code="o">954.084 &#x938;&#x93F;&#x902;&#x939;&#x915;&#x93F;</subfield>
    <subfield code="p">B-703929</subfield>
    <subfield code="r">2019-07-31 00:00:00</subfield>
    <subfield code="s">2019-07-02</subfield>
    <subfield code="t">1</subfield>
    <subfield code="v">995.00</subfield>
    <subfield code="y">HN</subfield>
  </datafield>
</record>
